00345nam a2200145Ia 45000030006000000080041000060400015000471000043000622450020001052500015001252600024001403000006001645460012001700050017001820STCL150530s9999 xx 000 0 und d aSTCLcSTCL aNarayan, S.; Manivachagom Pillay, T.K. aCalculus vol II aThirteenth bS.Viswanathanc1978 a0 aEnglish20220125165945.0